000 00630nac a22002051u 4500
008 081127t xxu||||| |||| 00| 0 eng d
010 _a 2006932428
020 _a9781601360014
082 _a610.3
_bMED
100 _a20080729
245 1 4 _aThe complete encyclopedia of medicine & health /
260 _aFranklin Park, NJ :
_bForeign Mdia Books,2006
_c2006.
300 _a960 p. :
_bCol ill. ;
_c26 cm.
500 _aIncludes index
650 _aMedicine
_vencyclopedias
_2BUEsh
650 _aHealth
_vencyclopedias
_2BUEsh
651 _2BUEsh
700 _aSchade,Johannes P.
942 _cNB
_k610.3MED
_2ddc
999 _c2568
_d2568